Il existe au moins 5... - Mort subite - Statistiques

Statistiques générales
  • Ce quiz a été pris 489 fois
  • Le résultat moyen est 5 sur 21
Answers on the Grid
Answers color-coded by a green-red scale on the quiz's grid according to % correct below.
...pays limitrophes de l'Espagne
...pays bordant la mer Baltique
...couleurs sur le drapeau des Seychelles
...livres de la Torah
...pays traversés par le tropique du Capricorne
...voyelles
...Grands Lacs
...Arrondissements de New York
...cordes dans une guitare
...joueurs dans une équipe de basket-ball
...faces dans un dé
...livres de la saga Harry Potter
...personnes ayant reçu au moins 2 prix Nobel
...langues officielles de l'ONU
...péchés capitaux
...pays se terminant par « stan »
...pays traversés par le Nil
...États de la Nouvelle-Angleterre
...sports dans le pentathlon moderne
...pouces en 20 centimètres
...pattes dans une fourmi
...étoiles plus proches de nous que Proxima Centuari
...rivières en Arabie Saoudite
...côtés d'un carré
...pays commençant par la lettre V
...cas de la langue allemande
...équipes ayant remporté la Ligue de conférence de l'UEFA
...présidents américains tués
...pays situés sur l'île de Bornéo
...villes frappées par la bombe atomique
...fils de William, prince de Galles
...fondateurs de Rome
...monarchies d'Amérique du Sud
...pays européens de l'OPEP
...diviseurs pairs de 20
...équipes ayant remporté au moins 10 titres NBA
...années en 50 mois
...pays américains qui ont accueilli les Jeux olympiques
...éléments ayant moins de protons que le bore
...fuseaux horaires au Brésil
...lobes du foie
...capitales plus au sud que Buenos Aires
 
Statistiques - réponses
Réponse % Correct
...péchés capitaux
44%
...voyelles
44%
...faces dans un dé
38%
...livres de la saga Harry Potter
36%
...pays se terminant par « stan »
34%
...joueurs dans une équipe de basket-ball
33%
...sports dans le pentathlon moderne
27%
...pattes dans une fourmi
26%
...cordes dans une guitare
24%
...Arrondissements de New York
21%
...couleurs sur le drapeau des Seychelles
21%
...Grands Lacs
21%
...langues officielles de l'ONU
21%
...pays traversés par le tropique du Capricorne
21%
...pays bordant la mer Baltique
16%
...pays traversés par le Nil
11%
...livres de la Torah
9%
...États de la Nouvelle-Angleterre
8%
...personnes ayant reçu au moins 2 prix Nobel
8%
...pouces en 20 centimètres
8%
...pays limitrophes de l'Espagne
2%
Aucun quiz correspondant
Distribution des résultats
% des personnes avec chaque résultat
Percentile par nombre de réponses
Votre historique - résultats
Vous n’avez pas pris ce quiz